Statistics for Drag Queens that won RuPauls Drag Race

Click here to take the quiz!

General Stats

  • This quiz has been taken 14 times
  • The average score is 36 of 43

Answer Stats

HintAnswer% Correct
RuPaul's Drag Race: All Stars 2Alaska
100%
RuPaul's Drag Race: season 10Aquaria
100%
RuPaul's Drag Race: season 6Bianca Del Rio
100%
RuPaul's Drag Race: season 8Bob the Drag Queen
100%
RuPaul's Drag Race: All Stars 1Chad Michaels
100%
RuPaul's Drag Race: All Stars 7Jinkx Monsoon
100%
RuPaul's Drag Race: season 5Jinkx Monsoon
100%
RuPaul's Drag Race: season 3Raja
100%
Drag Race España season 2Sharonne
100%
RuPaul's Drag Race: season 4Sharon Needles
100%
RuPaul's Drag Race: season 1BeBe Zahara Benet
92%
RuPaul's Drag Race: All Stars 4Monét X Change
92%
RuPaul's Drag Race: season 9Sasha Velour
92%
RuPaul's Drag Race: All Stars 5Shea Coulee
92%
RuPaul's Drag Race: season 13Symone
92%
RuPaul's Drag Race UK season 1The Vivienne
92%
RuPaul's Drag Race: All Stars 4Trinity the Tuck
92%
RuPaul's Drag Race: season 2Tyra Sanchez
92%
RuPaul's Drag Race: season 7Violet Chachki
92%
RuPaul's Drag Race: season 14Willow Pill
92%
RuPaul's Drag Race: season 11Yvie Oddly
92%
RuPaul's Drag Race: season 12Jaida Essence Hall
85%
RuPaul's Drag Race: All Stars 6Kylie Sonique Love
85%
RuPaul's Drag Race UK season 2Lawrence Chaney
85%
RuPaul's Drag Race: All Stars 3Trixie Mattel
85%
RuPaul's Drag Race: UK vs the WorldBlu Hydrangea
77%
Canada's Drag Race season 1Priyanka
77%
Canada's Drag Race: Canada vs the WorldRa'Jah O'Hara
77%
Drag Race España season 1Carmen Farala
69%
RuPaul's Drag Race: UK season 4Danny Beard
69%
Canada's Drag Race season 3Gisèle Lullaby
69%
Canada's Drag Race season 2Icesis Couture
69%
RuPaul's Drag Race: Down Under season 1Kita Mean
69%
Drag Race France season 1Paloma
69%
RuPaul's Drag Race: Down Under season 2Spankie Jackzon
69%
Drag Race Thailand season 2Angele Anang
62%
Drag Race Italia season 1Elecktra Bionic
62%
Drag Race Holland season 1Envy Peru
62%
RuPaul's Drag Race: UK season 3Krystal Versace
62%
Drag Race Thailand season 1Natalia Pliacam
62%
Drag Race Philippines season 1Precious Paula Nicole
62%
Drag Race Holland season 2Vanessa van Cartier
62%
Drag Race Italia season 2La Diamond
54%

Score Distribution

Percentile by Number Answered

Percent of People with Each Score

Your Score History

You have not taken this quiz